|
|
|
|
| LEADER |
02523nam a2200541 4500 |
| 001 |
ocn823729323 |
| 003 |
OCoLC |
| 005 |
20180501122006.0 |
| 006 |
m o d |
| 007 |
cr cn||||||||| |
| 008 |
121206s2012 ne af ob 001 0 eng d |
| 040 |
|
|
|a E7B
|b eng
|e pn
|c E7B
|d OCLCQ
|d OCLCO
|d N$T
|d OPELS
|d OCLCF
|d OCLCQ
|d TFW
|d OCLCA
|d TAWMS
|d GrThAP
|
| 020 |
|
|
|a 9780123972774
|q (electronic bk.)
|
| 020 |
|
|
|a 0123972779
|q (electronic bk.)
|
| 020 |
|
|
|a 9780123969705
|
| 035 |
|
|
|a (OCoLC)823729323
|
| 050 |
|
4 |
|a QD411
|b .A38 2012eb
|
| 072 |
|
7 |
|a SCI
|x 013040
|2 bisacsh
|
| 082 |
0 |
4 |
|a 547.05
|2 23
|
| 049 |
|
|
|a TEFA
|
| 245 |
0 |
0 |
|a Advances in organometallic chemistry.
|n Volume 60 /
|c edited by Anthony F. Hill, Mark J. Fink ; founding editors, F. Gordon A. Stone, Robert West.
|
| 250 |
|
|
|a 1st ed.
|
| 260 |
|
|
|a Amsterdam ;
|a Boston :
|b Elsevier/Academic Press,
|c 2012.
|
| 300 |
|
|
|a 1 online resource (vii, 177 pages, [5] pages of color plates) :
|b illustrations.
|
| 336 |
|
|
|a text
|b txt
|2 rdacontent
|
| 337 |
|
|
|a computer
|b c
|2 rdamedia
|
| 338 |
|
|
|a online resource
|b cr
|2 rdacarrier
|
| 490 |
1 |
|
|a Advances in organometallic chemistry,
|x 0065-3055 ;
|v v. 60
|
| 504 |
|
|
|a Includes bibliographical references and index.
|
| 520 |
|
|
|a Almost all branches of chemistry and material science now interface with organometallic chemistry--the study of compounds containing carbon-metal bonds. This widely acclaimed serial contains authoritative reviews that address all aspects of organometallic chemistry, a field that has expanded enormously since the publication of Volume 1 in 1964. Key features: * Contributions from leading authorities * Informs and updates on all the latest developments in the field.
|
| 500 |
|
|
|a TextTRecX.
|
| 650 |
|
0 |
|a Organometallic compounds.
|
| 650 |
|
0 |
|a Carbon.
|
| 650 |
|
0 |
|a Chemistry.
|
| 650 |
|
0 |
|a Metals.
|
| 650 |
|
7 |
|a SCIENCE
|x Chemistry
|x Organic.
|2 bisacsh
|
| 650 |
|
7 |
|a Carbon.
|2 fast
|0 (OCoLC)fst00846775
|
| 650 |
|
7 |
|a Chemistry.
|2 fast
|0 (OCoLC)fst00853344
|
| 650 |
|
7 |
|a Metals.
|2 fast
|0 (OCoLC)fst01018047
|
| 650 |
|
7 |
|a Organometallic compounds.
|2 fast
|0 (OCoLC)fst01047971
|
| 655 |
|
4 |
|a Electronic books.
|
| 655 |
|
7 |
|a Electronic books.
|2 lcgft
|
| 700 |
1 |
|
|a Hill, Anthony F.
|
| 700 |
1 |
|
|a Fink, Mark J.
|
| 700 |
1 |
|
|a Stone, F. Gordon A.
|q (Francis Gordon Albert),
|d 1925-
|
| 700 |
1 |
|
|a West, Robert,
|d 1928-
|
| 830 |
|
0 |
|a Advances in organometallic chemistry ;
|v v. 60.
|x 0065-3055
|
| 856 |
4 |
0 |
|u https://www.sciencedirect.com/science/bookseries/00653055/60
|z Full Text via HEAL-Link
|